[Event "Ceske Budejovice op"]
[Site "Ceske Budejovice"]
[Date "1996.??.??"]
[Round "8"]
[White "Evseev, Denis"]
[Black "Michenka, Jozef"]
[Result "1-0"]
[WhiteElo "2395"]
[BlackElo "2345"]

1.d4 Nf6 2.c4 e6 3.g3 d5 4.Bg2 Be7 5.Nf3 O-O 6.O-O dxc4 7.Qc2 a6 8.a4 Nc6
9.Qxc4 Qd5 10.Nbd2 Rd8 11.e3 Qxc4 12.Nxc4 a5 13.Bd2 Bb4 14.Rfc1 Ne8 15.Bc3 f6
16.Nfd2 Bxc3 17.bxc3 Bd7 18.Na3 Rab8 19.Nb5 b6 20.Ra3 Ne7 21.c4 c5 22.Nb3 cxd4
23.exd4 Bc6 24.c5 Bxg2 25.Kxg2 Nc6 26.cxb6 Rxb6 27.Rc5 Nd6 28.Nxd6 Rxd6 29.Nxa5 Nxa5
30.Rxa5 Rxd4 31.Ra7 Rbd6 32.a5 Rd7 33.Ra8+ Kf7 34.a6 Rd3 35.Ra1 Rd1 36.Rxd1 Rxd1
37.Rb8 Ra1 38.Rb7+ Kg6 39.a7 Ra3 40.Kf1 Ra2 41.Ke1 h5 42.Kd1 Kf5 43.Rxg7 Ke4
44.h4 f5 45.f4 Kd3 46.Kc1 Kc3 47.Kb1 Ra6 48.Rc7+ Kb3 49.Kc1 Ra2 50.Kd1 Kb4
51.Ke1 Kb5 52.Kf1 Kb4 53.Re7 Kc4 54.Rxe6 Rxa7 55.Re5 Rf7 56.Kg2 Kd4 57.Kf3 Rf8
58.Re7 Ra8 59.Rd7+ Kc4 60.Rf7 Ra5 61.Rh7 Ra3+ 62.Kg2 Kd4 63.Rxh5 Ke4 64.Rh8 Ra2+
65.Kh3 Kf3 66.Rb8 Ra1 67.Rb3+ Kf2 68.Rb2+ Kf3 69.h5 Rh1+ 70.Rh2 Rg1 71.Kh4 Rxg3
72.Rh3  1-0

[Event "Capablanca mem-C"]
[Site "Cienfuegos"]
[Date "1996.??.??"]
[Round "2"]
[White "Ross, David"]
[Black "Sieiro Gonzalez, Luis"]
[Result "1/2-1/2"]
[WhiteElo "2355"]
[BlackElo "2375"]

1.d4 d5 2.Nf3 Nf6 3.c4 e6 4.g3 Be7 5.Bg2 O-O 6.O-O dxc4 7.Ne5 Nc6 8.Nxc6 bxc6
9.e3 Rb8 10.Qc2 c5 11.Rd1 cxd4 12.Rxd4 Bd6 13.Na3 e5 14.Rd2 c3 15.bxc3 Be6
16.Qa4 Bd7 17.Qxa7 Be6 18.Qa4 e4 19.Nb5 Qe8 20.c4 Qc6 21.Qd1 Be5 22.Nd4 Qxc4
23.Ba3 Rfe8 24.Rc1 Qa6 25.Nxe6 Qxa3 26.Nxc7 Rbc8 27.Rdc2 Bxc7 28.Rxc7 Rxc7
29.Rxc7 Qxa2 30.Bf1 Qa5 31.Qd6 h6 32.h3 Qh5 33.Bc4 Rf8 34.Qe7 Qd1+ 35.Kh2 Qh5
36.Kg2 Qf3+ 37.Kg1 Qd1+ 38.Kh2 Qh5  1/2-1/2

[Event "Capablanca mem-B"]
[Site "Cienfuegos"]
[Date "1996.??.??"]
[Round "10"]
[White "Cifuentes Parada, Roberto"]
[Black "Rivera, Alberto"]
[Result "0-1"]
[WhiteElo "2490"]
[BlackElo "2415"]

1.d4 Nf6 2.c4 e6 3.g3 d5 4.Nf3 Be7 5.Bg2 O-O 6.O-O dxc4 7.Qc2 a6 8.a4 Nc6
9.Qxc4 Nb4 10.a5 b5 11.axb6 cxb6 12.Bd2 a5 13.Bxb4 Bxb4 14.Ne5 Ba6 15.Qb3 Rc8
16.Nc6 Rxc6 17.Bxc6 Bxe2 18.Rc1 Qxd4 19.Qe3 Qxe3 20.fxe3 Ng4 21.Nc3 Bd3 22.Re1 Ne5
23.Red1 Nxc6 24.Rxd3 Ne5 25.Rdd1 Nc4 26.Rab1 h6 27.Kf2 Rc8 28.Nb5 Ne5 29.Nd4 Ng4+
30.Ke2 e5 31.Nf3 Rc2+ 32.Kd3 Rc6 33.Ke2 Rc2+ 34.Kd3 Rc5 35.Rf1 f5 36.e4 fxe4+
37.Kxe4 Rc4+ 38.Kd3 b5 39.Ke2 Re4+ 40.Kd3 Rc4 41.Ke2 e4 42.Ne1 Rd4 43.Rf4 Rd2+
44.Kf1 Bc5  0-1

[Event "Obro Nytaar op"]
[Site "Copenhagen"]
[Date "1996.??.??"]
[Round "2"]
[White "Thuesen, Mogens"]
[Black "Petersen, Nils"]
[Result "1-0"]
[WhiteElo "2230"]
[BlackElo "2135"]

1.d4 d5 2.c4 e6 3.Nf3 Nf6 4.g3 Be7 5.Bg2 O-O 6.O-O Nbd7 7.Qc2 c6 8.Nbd2 b6
9.e4 Bb7 10.e5 Ne8 11.Rd1 Rc8 12.Nb3 h6 13.Be3 dxc4 14.Qxc4 Nc7 15.Nfd2 Nd5
16.Qe2 c5 17.Ne4 c4 18.Nbd2 c3 19.bxc3 Nxc3 20.Qg4 Bxe4 21.Nxe4 Kh8 22.Nxc3 Rxc3
23.d5 Nxe5 24.Qh5 f6 25.dxe6 Qe8 26.Qf5 g6 27.Qf4 g5 28.Qf5 Qg6 29.Qxg6 Nxg6
30.Rd7 Ra3 31.Bf3 Ne5 32.Rxe7 Nxf3+ 33.Kg2 Ne5 34.Rc1 Ng6 35.Rb7 Re8 36.Bd4 Ne5
37.Rcc7 Ra4 38.Bxe5 fxe5 39.Rh7+  1-0

[Event "Copenhagen-ch"]
[Site "Copenhagen"]
[Date "1996.??.??"]
[Round "5"]
[White "Jakobsen, Ole"]
[Black "Hove, Esben Kjems"]
[Result "1-0"]
[WhiteElo "2390"]
[BlackElo "2285"]

1.d4 Nf6 2.c4 e6 3.Nf3 d5 4.g3 Be7 5.Bg2 O-O 6.Nbd2 dxc4 7.Nxc4 c5 8.O-O Nc6
9.dxc5 Bxc5 10.Be3 Bxe3 11.Nxe3 Qe7 12.Nd4 Nxd4 13.Qxd4 e5 14.Qc3 e4 15.Rfd1 Re8
16.Rd4 Bd7 17.Rad1 Bc6 18.Nf5 Qe5 19.Nd6 Re7 20.Nxe4 Ne8 21.Qd2 Nc7 22.Nc3 Ne6
23.Rd3 Bxg2 24.Kxg2 h6 25.Rd5 Qc7 26.e4 Rae8 27.Nb5 Qb6 28.Nd6 Rf8 29.f3 Rc7
30.b3 a6 31.Nc4 Qc6 32.Qe3 b5 33.Ne5 Qb7 34.R1d2 Rfc8 35.Qf2 Rc1 36.Rd7 R8c7
37.R7d6 R7c3 38.Nd3 Rb1 39.Qb6 Qe7 40.h4 Nc7 41.Qd4 Ne8 42.Qxc3 Nxd6 43.Qc2 Ra1
44.e5 Qa7 45.Nf2 Ne8 46.Qc6 Qb8 47.Qc3 Rb1 48.Qc2 Re1 49.Nd3 Rxe5 50.Nxe5 Qxe5
51.Re2 Qb8 52.Qc6 Nf6 53.b4 Qd8 54.Qxa6 Qd3 55.Qc8+ Kh7 56.Qc2  1-0

[Event "Copenhagen KS"]
[Site "Copenhagen"]
[Date "1996.??.??"]
[Round "7"]
[White "Nielsen, Peter Heine"]
[Black "Parker, Jonathan"]
[Result "1/2-1/2"]
[WhiteElo "2530"]
[BlackElo "2470"]

1.d4 d5 2.c4 e6 3.Nf3 Nf6 4.g3 Be7 5.Bg2 O-O 6.O-O dxc4 7.Qc2 a6 8.Qxc4 b5
9.Qc2 Bb7 10.Bf4 Nc6 11.Rd1 Nb4 12.Qc1 Qc8 13.Bg5 c5 14.Bxf6 gxf6 15.Nc3 Rd8
16.a3 Nd5 17.Nxd5 Bxd5 18.dxc5 Qxc5 19.Qxc5 Bxc5 20.Ne1 Bxg2 21.Kxg2 Kf8
22.Nd3 Be7 23.a4 Ke8 24.Rdc1 Kd7 25.Ra2 Bd6 26.axb5 axb5 27.Rca1 Rxa2 28.Rxa2 Kc6
29.g4 Kb6 30.Ra1 h5 31.h3 Rg8 32.Kf3 hxg4+ 33.hxg4 Rh8 34.Ke3 Rh3+ 35.f3 Rh8
36.Rc1 Be7 37.Kd2 Bd6 38.Rg1 Be7 39.e4 Rh4 40.Ke3 Rh3  1/2-1/2

[Event "CZE-chT1 9596"]
[Site "CZE"]
[Date "1996.??.??"]
[Round "?"]
[White "Snorek, Milan"]
[Black "Hlavnicka, Jiri"]
[Result "0-1"]
[WhiteElo "2195"]
[BlackElo "2210"]

1.d4 Nf6 2.c4 e6 3.g3 d5 4.Bg2 Be7 5.Nf3 O-O 6.O-O dxc4 7.Qc2 a6 8.Qxc4 b5
9.Qc2 Bb7 10.Bd2 Be4 11.Qc1 Qc8 12.b4 a5 13.bxa5 b4 14.Bf4 Nd5 15.Nbd2 Nxf4
16.gxf4 Bxf3 17.Bxf3 Rxa5 18.Nb3 Ra3 19.Qd2 Nd7 20.Rac1 Nb6 21.Nc5 Nd5 22.Rc4 Bd6
23.e3 Bxf4 24.Nd3 Bd6 25.Rfc1 Qd8 26.Bg2 Qh4 27.Ne5 Rfa8 28.Nf3 Qd8 29.R1c2 b3
30.axb3 Rxb3 31.Rc1 Qb8 32.e4 Bf4 33.Qc2 Bxc1 34.exd5 exd5 35.Rxc7 Bf4 36.Ne5 Rb1+
37.Bf1 Rc1  0-1

[Event "CZE-chT1 9596"]
[Site "CZE"]
[Date "1996.??.??"]
[Round "?"]
[White "Haba, Zdenek"]
[Black "Hlavnicka, Jiri"]
[Result "1/2-1/2"]
[WhiteElo "2275"]
[BlackElo "2210"]

1.d4 d5 2.c4 e6 3.g3 Nf6 4.Bg2 Be7 5.Nf3 O-O 6.O-O dxc4 7.Qc2 a6 8.a4 Bd7
9.Qxc4 Bc6 10.Bg5 a5 11.Nc3 Bd5 12.Nxd5 exd5 13.Qb3 Na6 14.Qxb7 Nb4 15.Rfc1 Bd6
16.Ne5 Rb8 17.Qa7 Ra8  1/2-1/2

[Event "Decin op"]
[Site "Decin"]
[Date "1996.??.??"]
[Round "6"]
[White "Berezovics, Alexander"]
[Black "Jirovsky, Milos"]
[Result "0-1"]
[WhiteElo "2360"]
[BlackElo "2445"]

1.d4 Nf6 2.c4 e6 3.Nf3 d5 4.g3 Be7 5.Bg2 O-O 6.Qc2 c6 7.O-O Nbd7 8.Nbd2 b6
9.b3 Bb7 10.Bb2 Rc8 11.e4 Qc7 12.Rad1 Rfd8 13.Rfe1 Qb8 14.Qb1 Qa8 15.e5 Ne8
16.cxd5 cxd5 17.Re3 a5 18.a3 Nc7 19.Ne1 Nb5 20.Qa1 Ba6 21.f4 Rc7 22.Ndf3 Rdc8
23.g4 a4 24.b4 Na7 25.h4 Bc4 26.Bh3 Nb5 27.f5 Nf8 28.Rd2 Bb3 29.Bf1 Qc6 30.Qb1 Qe8
31.g5 exf5 32.Qxf5 Nc3 33.Bxc3 Rxc3 34.Qf4 Ne6  0-1

[Event "Decin op"]
[Site "Decin"]
[Date "1996.??.??"]
[Round "8"]
[White "Berezovics, Alexander"]
[Black "Dolezal, R."]
[Result "1-0"]
[WhiteElo "2360"]
[BlackElo "2270"]

1.d4 d5 2.Nf3 Nf6 3.c4 e6 4.g3 Be7 5.Bg2 O-O 6.O-O Nbd7 7.b3 b6 8.Nc3 Bb7
9.Bb2 c5 10.cxd5 exd5 11.Nh4 Re8 12.Nf5 Bf8 13.dxc5 Nxc5 14.Qd4 Ne6 15.Qd3 Nc5
16.Qd4 Ne6 17.Qh4 Ne4 18.Qg4 Qg5 19.Qxg5 N6xg5 20.Nb5 Red8 21.Rfc1 Rd7 22.h4 Ne6
23.Bh3 Ba6 24.Nfd4 Bxb5 25.Nxb5 Bc5 26.e3 g6 27.Rc2 f5 28.Rd1 h5 29.Bf1 Kf7
30.Nd4 a5 31.Nf3 Rd6 32.Ne5+ Kg8 33.Nxg6 Kh7 34.Ne7 Rd7 35.Nxf5 Rf8 36.Nd4 Nc7
37.Bg2 Rdf7 38.Bxe4+ dxe4 39.Kg2 Rg8 40.Ne2  1-0

[Event "DEN-ch"]
[Site "?"]
[Date "1996.??.??"]
[Round "5"]
[White "Hansen, Lars Bo"]
[Black "Hansen, Sune Berg"]
[Result "1-0"]
[WhiteElo "2565"]
[BlackElo "2495"]

1.Nf3 Nf6 2.g3 d5 3.Bg2 e6 4.d4 Be7 5.c4 O-O 6.O-O dxc4 7.Qc2 a6 8.Qxc4 b5
9.Qc2 Bb7 10.Bg5 Nbd7 11.Bxf6 Nxf6 12.Nbd2 Rc8 13.Nb3 c5 14.dxc5 a5 15.a4 Be4
16.Qc3 b4 17.Qe3 Bd5 18.Rfd1 Qc7 19.Nfd4 Bxg2 20.Kxg2 Bxc5 21.Rac1 Bxd4 22.Qxd4 Qb7+
23.Kg1 Qa6 24.Qe5 Nd5 25.e4 Nb6 26.Rxc8 Qxc8 27.Rc1 Qd7 28.Qxa5 Qxa4 29.Qxb6 Qxb3
30.Qd4 h6 31.Kg2 Qa4 32.Rc7 Qb5 33.b3 Ra8 34.Rc4 Ra2 35.h4 e5 36.Qd8+ Kh7
37.Qc8 Ra7 38.Qf5+ g6 39.Qf6 Qb8 40.h5 gxh5 41.Rc6  1-0

[Event "DEN-ch"]
[Site "?"]
[Date "1996.??.??"]
[Round "9"]
[White "Nielsen, Peter Heine"]
[Black "Danielsen, Henrik"]
[Result "1-0"]
[WhiteElo "2495"]
[BlackElo "2485"]

1.d4 Nf6 2.c4 e6 3.g3 d5 4.Nf3 Be7 5.Bg2 O-O 6.O-O Nbd7 7.Qc2 c6 8.Rd1 b6
9.b3 Ba6 10.Nbd2 Rc8 11.e4 c5 12.exd5 exd5 13.Bb2 cxd4 14.Nxd4 b5 15.Qf5 bxc4
16.bxc4 Bxc4 17.Nxc4 Rxc4 18.Bxd5 g6 19.Qg5 Nxd5 20.Qxd5 Nb6 21.Nf5 gxf5
22.Qe5 Bf6 23.Qxf6 Qxf6 24.Bxf6 Rc6 25.Bg5 Kg7 26.a4 Re8 27.a5 Nc4 28.Rd5 Re5
29.Rxe5 Nxe5 30.Bf4 Re6 31.Rb1 a6 32.Rd1 Nc6 33.Rd5 Kg6 34.Rc5 Nd4 35.Kf1 Rc6
36.Rd5 Nc2 37.Bd2 Na3 38.Ke2 Nc4 39.Bc3 Nd6 40.Kd3 Ne4 41.Bd4 f6 42.g4 Nd6
43.Bc5 Nf7 44.gxf5+ Kg5 45.Ke4 h5 46.Be3+ Kg4 47.Rd7 Rc4+ 48.Kd5 Ne5 49.Rd6 Ra4
50.Rxa6 Kxf5 51.Bd4 h4 52.h3 Nd3 53.Rxf6+ Kg5 54.a6 Nb4+ 55.Ke5 Ra5+ 56.Ke4 Nxa6
57.Rc6 Ra4 58.Ke5 Ra5+ 59.Ke4 Ra4 60.f3 Nb8 61.Rd6 Na6 62.f4+ Kh5 63.Kf5 Ra5+
64.Be5 Nb4 65.Rd8 Ra6 66.Rh8+ Rh6 67.Rg8 Ra6 68.Bf6 Ra5+ 69.Ke6 Ra6+ 70.Kf7 Ra7+
71.Be7 Rxe7+ 72.Kxe7 Nd5+ 73.Ke6 Nxf4+ 74.Kf5 Nxh3 75.Rh8+  1-0

[Event "DEN-chT9596"]
[Site "DEN"]
[Date "1996.??.??"]
[Round "6"]
[White "Holst, Allan"]
[Black "Greger, Roland"]
[Result "1/2-1/2"]
[WhiteElo "2340"]
[BlackElo "2275"]

1.d4 e6 2.c4 Nf6 3.g3 d5 4.Nf3 Be7 5.Bg2 O-O 6.O-O dxc4 7.Qc2 a6 8.Qxc4 b5
9.Qc2 Bb7 10.Bf4 Nc6 11.Nc3 Nb4 12.Qb1 Nbd5 13.Nxd5 Bxd5 14.Rd1 Qc8 15.Be5 Be4
16.Qc1 Nd5 17.Ne1 Bxg2 18.Nxg2 Qb7 19.Nf4 Nxf4 20.Bxf4 Rac8 21.Be3 Qd5 22.Qc3 Rfd8
23.Rdc1 Bf6 24.Qa5 Bxd4 25.Bxd4 Qxd4 26.Rc2 Qb6 27.Qxb6 cxb6 28.Rac1 Rxc2
29.Rxc2 Kf8 30.Rc6 Rd2 31.Rxb6 Rxe2 32.Rxa6 Rxb2 33.a4 bxa4 34.Rxa4 Ke7 35.h4 f5
36.Ra7+ Kf6 37.Ra4 h6 38.Kf1 g5 39.hxg5+ Kxg5 40.Ra8 e5 41.Rg8+ Kf6 42.Rh8 Kg7
43.Re8 e4 44.Re6 h5 45.Ke1 h4 46.gxh4 Rb1+ 47.Ke2 Rh1 48.f3 Rh2+ 49.Kf1 Kf7
50.Re5 Kf6 51.Re8 exf3 52.Re3 f4 53.Rxf3 Kf5 54.Ra3 Kg4 55.h5 Kxh5 56.Kg1 Rb2
57.Kf1 Kg4 58.Rc3 Ra2  1/2-1/2

[Event "Asia-ch"]
[Site "Dubai"]
[Date "1996.??.??"]
[Round "?"]
[White "Temirbaev, Serik"]
[Black "Aung Aung"]
[Result "1-0"]
[WhiteElo "2495"]
[BlackElo "2205"]

1.d4 d5 2.c4 e6 3.Nf3 Nf6 4.g3 Be7 5.Bg2 O-O 6.O-O dxc4 7.Qc2 a6 8.Qxc4 b5
9.Qc2 Bb7 10.Bf4 Nd5 11.Bd2 Nd7 12.Ba5 Qb8 13.e4 N5b6 14.Nbd2 Rc8 15.b4 Qa7
16.Rac1 Rab8 17.Rfe1 h6 18.Qb3 Bd6 19.Bh3 Ba8 20.a3 Re8 21.Qe3 Nf8 22.Bg2 Rbd8
23.Rc2 Rd7 24.Rec1 Qb8 25.Qb3 Kh8 26.Qd3 Ng6 27.h4 Kg8 28.Qe2 f5 29.h5 Nf8
30.Ne5 Bxe5 31.dxe5 fxe4 32.Bxb6 Qxb6 33.Nxe4 a5 34.Nc5 Rf7 35.Bxa8 Rxa8
36.Qe4 Ra7 37.Rd1 axb4 38.axb4 Ra3 39.Rd8 Qa7 40.Kg2 Raf3 41.Qxf3 Rxf3 42.Kxf3 Qa3+
43.Nd3 Qa7 44.Kg2 Kf7 45.Nf4 Ke7 46.Rd3 Qb7+ 47.f3 Qb8 48.Ng6+ Nxg6 49.hxg6 Ke8
50.Rdc3 c6 51.f4 Kd7 52.Rxc6 Qa8 53.Kf2 Qa7+ 54.Ke2  1-0

[Event "Elgoibar"]
[Site "Elgoibar"]
[Date "1996.??.??"]
[Round "2"]
[White "Alvarez Ibarra, D Rafael"]
[Black "Gomez Esteban, Juan Mario"]
[Result "1/2-1/2"]
[WhiteElo "2435"]
[BlackElo "2495"]

1.d4 Nf6 2.c4 e6 3.g3 d5 4.Nf3 Be7 5.Bg2 O-O 6.O-O dxc4 7.Qc2 a6 8.Qxc4 b5
9.Qc2 Bb7 10.Bg5 Nbd7 11.Nbd2 Rc8 12.Bxf6 Nxf6 13.Nb3 Be4 14.Qc1 c5 15.Nxc5 Bxf3
16.Bxf3 Qxd4 17.Nb3 Qe5 18.Qd2 Rfd8 19.Qa5 Qxb2 20.Qxa6  1/2-1/2

[Event "RUS-ch"]
[Site "Elista"]
[Date "1996.??.??"]
[Round "1"]
[White "Volzhin, Alexander"]
[Black "Pigusov, Evgeny"]
[Result "1/2-1/2"]
[WhiteElo "2485"]
[BlackElo "2570"]

1.d4 Nf6 2.c4 e6 3.g3 d5 4.Bg2 Be7 5.Nf3 O-O 6.O-O dxc4 7.Qc2 a6 8.a4 Bd7
9.Qxc4 Bc6 10.Bg5 Nbd7 11.Nc3 a5 12.Rfe1 Bb4 13.Ne5 Bxg2 14.Kxg2 Nb6 15.Qd3 h6
16.Bxf6 Qxf6 17.Red1 Rfd8 18.Ne4 Qe7 19.Qc2 c6 20.e3 Nd5 21.Nc5 Rac8 22.Ncd3 Bd6
23.Rac1 Qc7 24.Qb3 Bf8 25.Rc2 Ra8 26.Kg1 Ra6 27.Rcc1 Raa8 28.Qc2 Rac8 29.Qe2  1/2-1/2

[Event "RUS-ch"]
[Site "Elista"]
[Date "1996.??.??"]
[Round "4"]
[White "Rashkovsky, Nukhim N"]
[Black "Pigusov, Evgeny"]
[Result "1/2-1/2"]
[WhiteElo "2530"]
[BlackElo "2570"]

1.d4 Nf6 2.Nf3 e6 3.c4 d5 4.g3 Be7 5.Bg2 O-O 6.O-O dxc4 7.Qc2 a6 8.a4 Bd7
9.Rd1 Bc6 10.Nc3 Bxf3 11.Bxf3 Nc6 12.Bxc6 bxc6 13.a5 Qb8 14.Ra4 Qb3 15.Qxb3 cxb3
16.Rc4 c5 17.dxc5 Rfd8 18.Rxd8+ Rxd8 19.c6 Rb8 20.Bd2 Rb4  1/2-1/2

[Event "Espoo We ESK op"]
[Site "Espoo"]
[Date "1996.??.??"]
[Round "4"]
[White "Veingold, Aleksandr"]
[Black "Pihlajasalo, Antti"]
[Result "1/2-1/2"]
[WhiteElo "2425"]
[BlackElo "2190"]

1.d4 d5 2.Nf3 Nf6 3.c4 e6 4.g3 Be7 5.Bg2 O-O 6.O-O Nbd7 7.Qc2 c6 8.b3 b6
9.Rd1 Bb7 10.Nc3 Rc8 11.e4 dxe4 12.Ne5 Qc7 13.Bf4 Bd6 14.Nxd7 Qxd7 15.Bxd6 Qxd6
16.Nxe4 Qe7 17.c5 Nxe4 18.Bxe4 g6 19.Rd2 Rfd8 20.Rad1 Rd7 21.b4 Rcd8 22.Kg2 b5
23.Qc3 Qf6 24.h4 Qg7 25.f4 h5 26.Bc2 Qf6 27.a4 bxa4 28.Bxa4 Rc7 29.Qf3 Rb8
30.Rb1 Ba6 31.Qc3 Bb5 32.Bc2 Rd7 33.Kf2 Rbd8 34.Rbd1 a6 35.Bb3 Qf5 36.Bc2 Qh3
37.Be4 Qg4 38.Bf3 Qf5 39.Re1 Rb8 40.Re5 Qb1 41.Bg2 Rbd8 42.Bh3 Qh1 43.Bg2 Qb1
44.Re1 Qf5 45.Kg1 Qf6 46.Re5 Qg7 47.Bf3 Qf6 48.Kf2 Kf8 49.Bd1 Rd5 50.Bb3 Rxe5
51.dxe5 Rxd2+ 52.Qxd2 Qf5 53.Ke3 Qb1 54.Bc2 Qg1+ 55.Qf2 Qc1+ 56.Qd2 Qa3+
57.Kf2 Kg7 58.Be4 Qa1 59.Kg2 Qf1+ 60.Kh2 Qc4 61.Bg2 Qb3  1/2-1/2

[Event "FIN-chT 9697"]
[Site "FIN"]
[Date "1996.??.??"]
[Round "2.1"]
[White "Veingold, Aleksandr"]
[Black "Norri, Joose"]
[Result "1/2-1/2"]
[WhiteElo "2425"]
[BlackElo "2365"]

1.d4 Nf6 2.c4 e6 3.Nf3 d5 4.g3 Be7 5.Bg2 O-O 6.O-O dxc4 7.Qc2 a6 8.a4 c5
9.dxc5 Nc6 10.Na3 Bxc5 11.Nxc4 Qe7 12.Nfe5 Nxe5 13.Nxe5 Nd5 14.Bd2 Rd8 15.Rac1 Bd4
16.Nf3 Ba7 17.Qb3 h6 18.e4 Nf6 19.Ba5 b6 20.Bb4 Qe8 21.Ne5 a5 22.Ba3 Ba6
23.Rfd1 Rxd1+ 24.Rxd1 b5 25.axb5 Qxb5 26.Qxb5 Bxb5 27.b3 Rc8 28.Rc1 Rxc1+
29.Bxc1 Bd4 30.Nf3 Bc3 31.Nd2 Bd3 32.Bf1 Bc2 33.f3 Bd4+ 34.Kg2 Be3 35.Bb5 Nh7
36.Kf1 Nf8 37.Ke2 Bxd2 38.Bxd2 Bxb3 39.Bxa5 f6 40.f4 Kf7 41.Ke3 Ng6 42.h4 Ne7
43.Kd4 Bc2 44.Bb4 f5 45.Bxe7 Kxe7 46.exf5 exf5 47.Ke5 h5  1/2-1/2

[Event "FIN-chT 9697"]
[Site "FIN"]
[Date "1996.??.??"]
[Round "3.4"]
[White "Tikkanen, Kari"]
[Black "Leino, Jukka"]
[Result "1/2-1/2"]
[WhiteElo "2265"]
[BlackElo "2170"]

1.d4 Nf6 2.Nf3 e6 3.c4 d5 4.g3 Be7 5.Bg2 O-O 6.O-O b6 7.Qc2 c6 8.Ne5 Bb7
9.Rd1 Nfd7 10.e4 dxc4 11.Nxc4 b5 12.Ne3 Na6 13.Nc3 Nb6 14.b3 Rc8 15.Bb2 Qc7
16.Rac1 Rfd8 17.e5 Nd7 18.Nxb5 Qb6 19.Nc3 Nb4 20.Qb1 Ba6 21.Ne4 Qa5 22.a3 Nd5
23.b4 Qa4 24.Nxd5 cxd5 25.Nc5 Qc6 26.a4 Nxc5 27.b5 Qb6 28.dxc5 Bxc5 29.bxa6 Bxf2+
30.Kh1 Rb8 31.Bc3 Qxa6 32.Qa2 Be3 33.Rb1 g6 34.Rxb8 Rxb8 35.Bd4 Bxd4 36.Rxd4 Qa5
37.Qa1 Rb3 38.Rd1 Rb4 39.Rd4 Rxd4 40.Qxd4 Qe1+ 41.Qg1 Qxe5 42.a5 d4 43.a6 Qd6
44.Bf1 Qd5+ 45.Qg2 Qxg2+ 46.Kxg2 f5 47.Kf3 Kf7 48.g4 Kf6 49.h4 h6 50.Bd3 g5
51.hxg5+ hxg5 52.gxf5 exf5 53.Kg3 Ke6 54.Kf3 Ke5 55.Bc2 Ke6 56.Bd3 Kf6 57.Kg3 Ke5
58.Kf3 Kf6 59.Kg3 Kg6 60.Kf3 Kf6 61.Kg3 Ke6 62.Kf3 Ke5 63.Bc2 Kf6  1/2-1/2

[Event "Chess Classics op"]
[Site "Frankfurt"]
[Date "1996.??.??"]
[Round "?"]
[White "Ftacnik, Lubomir"]
[Black "Lutz, Christopher"]
[Result "1/2-1/2"]
[WhiteElo "2570"]
[BlackElo "2595"]

1.d4 Nf6 2.c4 e6 3.Nf3 d5 4.g3 Be7 5.Bg2 O-O 6.O-O dxc4 7.Qc2 a6 8.a4 Bd7
9.Qxc4 Bc6 10.Rd1 Bd5 11.Qd3 Be4 12.Qd2 c5 13.Nc3 Bc6 14.dxc5 Qxd2 15.Nxd2 Bxg2
16.Kxg2 Nbd7 17.b4 a5 18.bxa5 Bxc5 19.Rb1 b6 20.axb6 Nxb6 21.Rb5 Bd4 22.a5 Nbd5
23.Re1 Nc7 24.Ndb1 Nh5 25.Rh1 Na6 26.Na2 e5 27.Nb4 Bb2 28.Na2 g5 29.Rb3  1/2-1/2

[Event "Frydek-Mistek op"]
[Site "Frydek-Mistek"]
[Date "1996.??.??"]
[Round "6"]
[White "Volodin, Viktor"]
[Black "Jacko, Tomas"]
[Result "1-0"]
[WhiteElo "2325"]
[BlackElo "2170"]

1.Nf3 d5 2.d4 Nf6 3.c4 e6 4.g3 Be7 5.Bg2 O-O 6.O-O Nbd7 7.Qc2 c5 8.cxd5 Nxd5
9.Nc3 b6 10.Nxd5 exd5 11.Bf4 Bb7 12.Rad1 Rc8 13.Bh3 Bf6 14.Qa4 Bc6 15.Qxa7 Ra8
16.Qc7 Qxc7 17.Bxc7 Rxa2 18.Bxd7 Bxd7 19.Bxb6 c4 20.Bc5 Rb8 21.Ba3 c3 22.Ra1 cxb2
23.Rxa2 b1=Q 24.Rxb1 Rxb1+ 25.Kg2 h6 26.Bd6 Bf5 27.Nd2 Re1 28.e3 Re2 29.Ra8+ Kh7
30.Bb4 Re1 31.Ra5 Be6 32.Ra7 g5 33.Ne4 Bxd4 34.Nf6+ Kg6 35.exd4 Rb1 36.Be7 g4
37.Nd7 Bf5 38.Ra6+ Kg7 39.Nc5 Bc2 40.Bf6+ Kh7 41.h3 h5 42.hxg4 hxg4 43.Be5 Bd1
44.Rf6 Bf3+ 45.Rxf3 gxf3+ 46.Kxf3 Kg6 47.Nd7 Rb7 48.Nf6 Rb5 49.Kg4 Ra5 50.f4 Rb5
51.f5+ Kh6 52.Kf4  1-0

[Event "Frydek-Mistek (Women)"]
[Site "Frydek-Mistek"]
[Date "1996.??.??"]
[Round "7"]
[White "Kiseleva, Natalia"]
[Black "Ciuksyte, Dagne"]
[Result "0-1"]
[WhiteElo "2270"]
[BlackElo "2245"]

1.d4 d5 2.Nf3 Nf6 3.c4 e6 4.g3 Be7 5.Bg2 O-O 6.O-O dxc4 7.Qc2 a6 8.a4 c5
9.dxc5 Bxc5 10.Qxc4 Qc7 11.Be3 Bd6 12.Qxc7 Bxc7 13.Rc1 Nd5 14.Bd2 Nc6 15.Na3 Rd8
16.b4 Bd6 17.b5 Bxa3 18.Rxc6 bxc6 19.Rxa3 axb5 20.a5 b4  0-1

[Event "Frydek-Mistek (Women)"]
[Site "Frydek-Mistek"]
[Date "1996.??.??"]
[Round "9"]
[White "Kiseleva, Natalia"]
[Black "Stotskaja, Elena"]
[Result "1-0"]
[WhiteElo "2270"]
[BlackElo "2170"]

1.d4 d5 2.c4 e6 3.Nf3 Nf6 4.g3 Be7 5.Bg2 O-O 6.Nc3 dxc4 7.Ne5 c5 8.dxc5 Qxd1+
9.Nxd1 Nbd7 10.Nxc4 Nxc5 11.O-O Bd7 12.Ne5 Rad8 13.Nc3 Bc8 14.Be3 a6 15.Rfd1 Nfd7
16.Nc4 b5 17.Na5 Bf6 18.Nc6 Rde8 19.Rac1 g6 20.b4 Bxc3 21.Rxc3 Na4 22.Rc2 Kg7
23.Na7 Ndb6 24.Rc7 Nc4 25.Bc5 Nxc5 26.bxc5 e5 27.Bc6  1-0

[Event "Eikrem mem"]
[Site "Gausdal"]
[Date "1996.??.??"]
[Round "3"]
[White "Ivanov, Mikhail M"]
[Black "Rorvik, Jon F"]
[Result "1-0"]
[WhiteElo "2465"]
[BlackElo "2180"]

1.d4 d5 2.c4 e6 3.Nf3 Nf6 4.g3 Be7 5.Bg2 c6 6.Nbd2 Nbd7 7.Qc2 O-O 8.O-O Re8
9.e4 dxc4 10.Nxc4 c5 11.Rd1 b5 12.e5 Nd5 13.Nd6 Bxd6 14.exd6 c4 15.a4 bxa4
16.Ng5 g6 17.Ne4 N7b6 18.h4 Bb7 19.Bg5 Qd7 20.Qd2 f5 21.Nc5 Qc6 22.h5 Kf7
23.Be7 Rg8 24.Qh6 Rg7 25.Nxe6 Rgg8 26.Ng5+ Ke8 27.Qxh7  1-0

[Event "Troll Masters"]
[Site "Gausdal"]
[Date "1996.??.??"]
[Round "9"]
[White "Johansson, Per"]
[Black "Berg, Anders Hoyer"]
[Result "1/2-1/2"]
[WhiteElo "2170"]
[BlackElo "2045"]

1.d4 Nf6 2.Nf3 d5 3.c4 e6 4.g3 Be7 5.Bg2 O-O 6.O-O c6 7.Qc2 b6 8.Nbd2 Bb7
9.e4 dxc4 10.Nxc4 c5 11.e5 Nd5 12.dxc5 bxc5 13.Rd1 Qc7 14.Ng5 Bxg5 15.Bxg5 h6
16.Bd2 Nb4 17.Bxb4 cxb4 18.Bxb7 Qxb7 19.Nd6 Qc6 20.Qe2 Nd7 21.Rac1 Qa4 22.b3 Qa5
23.Nc4 Qb5 24.Rd6 Nb6  1/2-1/2

[Event "Geneve op"]
[Site "Geneve"]
[Date "1996.??.??"]
[Round "1"]
[White "Wojtkiewicz, Aleksander"]
[Black "Masserey, Yvan"]
[Result "1-0"]
[WhiteElo "2550"]
[BlackElo "2290"]

1.Nf3 Nf6 2.c4 e6 3.g3 d5 4.Bg2 Be7 5.d4 O-O 6.Qc2 c5 7.dxc5 Qa5+ 8.Nbd2 Qxc5
9.O-O Nc6 10.a3 dxc4 11.Qxc4 Qh5 12.b4 a6 13.h3 Bd7 14.Bb2 Rac8 15.Qb3 Qb5
16.Rfd1 a5 17.Qc4 Qb6 18.Qh4 axb4 19.Nc4 Qc7 20.axb4 Nxb4 21.Nce5 Rfd8 22.Ng5 Be8
23.Rxd8 Qxd8 24.Ng4 h6 25.Nxh6+ gxh6 26.Qxh6 Rc2 27.Be5 Rxe2 28.Be4 Rd2 29.Bh7+ Kh8
30.Bxf6+ Bxf6 31.Qf8+  1-0

[Event "Geneve Credit Suisse"]
[Site "Geneve"]
[Date "1996.??.??"]
[Round "1.1"]
[White "Bareev, Evgeny"]
[Black "Short, Nigel D"]
[Result "1-0"]
[WhiteElo "2655"]
[BlackElo "2695"]

1.d4 Nf6 2.c4 e6 3.g3 d5 4.Nf3 Be7 5.Bg2 O-O 6.O-O dxc4 7.Qc2 a6 8.a4 Bd7
9.Qxc4 Bc6 10.Bf4 a5 11.Nc3 Na6 12.Rae1 Bb4 13.Bg5 h6 14.Bxf6 Qxf6 15.e4 Rfd8
16.Kh1 Be8 17.Rd1 Rac8 18.h3 Qe7 19.Rfe1 Nb8 20.Ne5 Nc6 21.Nxc6 Bxc6 22.Kh2 Qd7
23.b3 b6 24.Re3 Bxc3 25.Qxc3 Bb7 26.h4 c5 27.d5 exd5 28.exd5 Qd6 29.Rde1 Qf6
30.Qc2 g6 31.Re5 h5 32.f4 Rd6 33.Qd2 Rcd8 34.f5 gxf5 35.Qf4 Bc8 36.Re8+ Kg7
37.Bf3 Rxe8 38.Rxe8 Bd7 39.Rb8 Qb2+ 40.Kh3 Rg6 41.Bg2 Qc3 42.Rd8 Rg4 43.Qf3 Qe5
44.Rxd7 f4 45.gxf4 Qf5 46.Kh2 Qxd7 47.Bh3 f5 48.Bxg4 hxg4 49.Qc3+ Kg6 50.Qe5 Qd8
51.Kg3 Qd7 52.h5+ Kxh5 53.Qf6  1-0

[Event "Landesliga N9596 Bayern"]
[Site "Germany"]
[Date "1996.??.??"]
[Round "?"]
[White "Bunk, Karsten"]
[Black "Krug, Stefan"]
[Result "1/2-1/2"]
[WhiteElo "2075"]
[BlackElo "2100"]

1.c4 e6 2.g3 d5 3.d4 Nf6 4.Bg2 Be7 5.Nf3 O-O 6.O-O dxc4 7.Ne5 Nc6 8.Nxc6 bxc6
9.Bxc6 Rb8 10.b3 Rb6 11.Bg2 Ba6 12.Na3 cxb3 13.axb3 c5 14.Nc2 Bb7 15.Rxa7 Bxg2
16.Kxg2 cxd4  1/2-1/2

[Event "BL2-S9596"]
[Site "Germany"]
[Date "1996.??.??"]
[Round "?"]
[White "Froehlich, Peter"]
[Black "Goehring, Karl Heinz"]
[Result "1-0"]
[WhiteElo "2250"]
[BlackElo "2315"]

1.d4 d5 2.c4 e6 3.Nf3 Nf6 4.g3 Be7 5.Bg2 O-O 6.Qc2 dxc4 7.Qxc4 a6 8.Bf4 Nd5
9.O-O b5 10.Qc2 Bb7 11.Nbd2 Nd7 12.Nb3 c5 13.dxc5 Rc8 14.Rfd1 Nxf4 15.gxf4 Bd5
16.Ne5 Nxc5 17.Bxd5 exd5 18.Nxc5 Bxc5 19.Qd3 d4 20.a4 Qh4 21.Qe4 Rfe8 22.Rd3 Qe7
23.axb5 axb5 24.Ra5 Qe6 25.Qb7 f6 26.Ra6 Bd6 27.Rxd6 Qxd6 28.Qf7+  1-0

[Event "BL2-S9596"]
[Site "Germany"]
[Date "1996.??.??"]
[Round "?"]
[White "Froehlich, Peter"]
[Black "Schlindwein, Rolf"]
[Result "1/2-1/2"]
[WhiteElo "2250"]
[BlackElo "2450"]

1.d4 d5 2.c4 e6 3.Nf3 Nf6 4.g3 Be7 5.Bg2 O-O 6.O-O b6 7.Nc3 Bb7 8.cxd5 exd5
9.Qc2 Nbd7 10.Bf4 c5 11.Rfd1 Rc8 12.Nb5 a6 13.Nd6 Bxd6 14.Bxd6 Re8 15.dxc5 Ne4
16.Bf4 Qf6 17.Bh3 Rxc5 18.Qa4 b5 19.Qd4 Qe7 20.Nd2 Ndf6 21.Nxe4 Nxe4 22.Rac1 Rc4
23.Qb6 h6 24.b3 Qc5 25.Be3 Qxb6 26.Bxb6 Rc3 27.Bd4 Rxc1 28.Rxc1 Ng5 29.Bg4 Ne6
30.Bxe6 Rxe6 31.Rc7 Bc6 32.f4 Be8 33.Kf2 f6 34.g4 Rc6 35.Rxc6 Bxc6 36.Bc3 Kf7
37.Ke3 Bd7 38.f5 h5 39.h3 hxg4 40.hxg4 g6 41.Kd4 gxf5 42.gxf5 Bxf5 43.Kxd5 Bb1
44.a4  1/2-1/2